000 00287nam a22001217a 4500
008 180911b xxu||||| |||| 00| 0 eng d
041 _aeng
080 _a621
100 _a26
101 _aeng
245 _aInelastic Behavior Of Load Carrying Members
_cSmith.J.o
942 _2udc
_cBK
999 _c47650
_d47650